Score 0/20 Timer 03:00
2 Plays Today
% Correct
Buzz Lightyear
92.6%
Human Torch
90.7%
Hulk
89.5%
Thor
87.8%
Robin
86.5%
Spider-Man
85.5%
Teenage Mutant Ninja Turtles
81.8%
Aquaman
76%
The Lone Ranger
74.7%
Judge Dredd
73.8%
% Correct
The Thing
73.5%
Superman
71.7%
Radioactive Man
67.1%
Wonder Woman
65.3%
Mighty Mouse
62.9%
Wonder Twins
59.3%
He-Man
58.7%
Green Lantern
58.5%
Nightcrawler
53.4%
Batman
52.8%

You're not logged in!

Compare scores with friends on all Sporcle quizzes.
OR
Log In

Sporcle TV

Today on Sporcle TV


Watch our educational content, quiz creation guides, and fun videos on Sporcle TV.

Show Comments

Extras

Top Quizzes Today


Score Distribution

Paid Content

Your Account Isn't Verified!

In order to create a playlist on Sporcle, you need to verify the email address you used during registration. Go to your Sporcle Settings to finish the process.

Report this User

Report this user for behavior that violates our Community Guidelines.

Details: